[Event "ch-RUS Women"]
[Site "Elista RUS"]
[Date "2000.05.16"]
[Round "6"]
[White "Shadrina,T"]
[Black "Slavina,I"]
[Result "0-1"]
[WhiteElo "2348"]
[BlackElo "2261"]

1.e4 c5 2.Nf3 e6 3.d4 cxd4 4.Nxd4 a6 5.Bd3 Qb6 6.Nb3 Qc7 7.O-O Nf6 8.c4 d6
9.Nc3 Be7 10.Be3 O-O 11.f4 Nc6 12.Rc1 Qb8 13.Qf3 Nd7 14.Qh3 Re8 15.e5 Nf8
16.exd6 Bxd6 17.c5 Bc7 18.Ne4 Nb4 19.Bb1 Nd5 20.Bd2 f5 21.Qh5 g6 22.Qh6 fxe4
23.Bxe4 Re7 24.Bxd5 exd5 25.Rce1 Rf7 26.Re8 Qa7 27.Rfe1 Bd7 28.R8e7 d4 29.Rxf7 Kxf7
30.Qg5 Bd8 31.Qd5+ Be6 32.Rxe6 Nxe6 33.Nxd4 Qxc5 34.Qxe6+ Kf8 35.Be3 Qe7
36.Qb3 Qf7 37.Ne6+ Kg8 38.Bd4 Rc8 39.Qe3 Bf6 40.Bxf6 Qxf6 41.Ng5 Qc6 42.Qb3+ Qc4
43.Qxb7 Qd4+ 44.Kf1 Qd3+  0-1

[Event "ch-RUS Women"]
[Site "Elista RUS"]
[Date "2000.05.16"]
[Round "6"]
[White "Saunina,L"]
[Black "Zakurdjaeva,I"]
[Result "0-1"]
[WhiteElo "2260"]
[BlackElo "2216"]

1.e4 c5 2.Nf3 e6 3.d4 cxd4 4.Nxd4 a6 5.Bd3 Bc5 6.Nb3 Ba7 7.O-O Nc6 8.Kh1 Nge7
9.c4 e5 10.f4 exf4 11.Bxf4 Bb8 12.Bxb8 Rxb8 13.Nc3 O-O 14.Be2 d6 15.a4 b6
16.Nd4 Bb7 17.Qd2 Nxd4 18.Qxd4 Nc6 19.Qd2 Ne5 20.Rad1 Qc8 21.Qd4 Ba8 22.Rd2 Rd8
23.Rfd1 h6 24.h3 Bc6 25.Qe3 Qe6 26.b3 Rd7 27.Nd5 Qg6 28.Bf3 Bxd5 29.Rxd5 Qg3
30.Qc3 f6 31.Rf1 a5 32.Qd2 Kf8 33.Rb5 Ke7 34.Qd4 Rdb7 35.Qd1 Rc7 36.Rd5 Rd8
37.Rb5 Rb8 38.Rd5 Rc6 39.Bg4 Rd8 40.Rb5 Rh8 41.Qd5 Nxg4 42.hxg4 Rhc8 43.Qf5 Rc5
44.e5 Qxe5 45.Qh7 Qg5 46.Qe4+ Qe5 47.Qb7+ R8c7 48.Qxb6 Qe2 49.Rf3 Qe1+ 50.Kh2 Qh4+
51.Rh3 Qxg4 52.Re3+ Kd7 53.Qxa5 Qf4+ 54.Rg3 h5 55.Kh3 g5 56.Rxg5 fxg5 57.g3 Qf2
58.Rxc5 g4+ 59.Kh4 Qh2+  0-1

[Event "Capablanca Mem Premier I"]
[Site "Varadero CUB"]
[Date "2000.05.16"]
[Round "8"]
[White "Gongora,M"]
[Black "Fiorito,F"]
[Result "1-0"]
[WhiteElo "2439"]
[BlackElo "2459"]

1.e4 c5 2.Nf3 e6 3.d4 cxd4 4.Nxd4 a6 5.Bd3 Nf6 6.O-O Qc7 7.Qe2 d6 8.f4 Nbd7
9.c4 Be7 10.b3 O-O 11.Bb2 b6 12.Nd2 Bb7 13.Rae1 e5 14.Nf5 Rfe8 15.g4 Nc5
16.Bb1 Bf8 17.g5 Nfd7 18.Qg4 Ne6 19.Re3 g6 20.Rh3 gxf5 21.Qxf5 Bg7 22.Qxh7+ Kf8
23.Rhf3 Ke7 24.fxe5 Nxe5 25.Bxe5 Qc5+ 26.R1f2 Qxe5 27.Rxf7+ Kd8 28.Rxb7 Kc8
29.Rff7 Qxg5+ 30.Kf1 Bc3 31.e5 Qxe5 32.Bf5 Bxd2 33.Rfc7+  1-0

[Event "Open"]
[Site "Pula CRO"]
[Date "2000.05.17"]
[Round "2"]
[White "Filipenko,A"]
[Black "Tukmakov,V"]
[Result "1-0"]
[WhiteElo "2370"]
[BlackElo "2574"]

1.e4 c5 2.Ne2 e6 3.d4 cxd4 4.Nxd4 a6 5.Bd3 g6 6.Nc3 Bg7 7.Nb3 Nc6 8.Bf4 e5
9.Be3 Nf6 10.Qd2 O-O 11.Bg5 Ne7 12.O-O-O b5 13.f3 Bb7 14.Kb1 Rc8 15.h4 d5
16.h5 dxe4 17.Bxf6 Bxf6 18.hxg6 fxg6 19.Qh6 Rf7 20.Bxe4 Qc7 21.Bxb7 Nf5 22.Bxc8 Nxh6
23.Be6 Kg7 24.Bxf7 Nxf7 25.Ne4 Be7 26.Rd3 h5 27.Rhd1 Kf8 28.Rc3 Qa7 29.Nbc5 Ke8
30.Ne6 Nh6 31.a3 Nf5 32.Rc8+ Kf7 33.Nd8+ Bxd8 34.Rcxd8 Qe3 35.R1d7+ Ke6 36.Rc7 Qg1+
37.Ka2 Qxg2 38.Nc5+ Kf6 39.Ne4+ Ke6 40.Re8+ Kd5 41.Nf6+ Kd4 42.Rc3 Nd6 43.Rd8 e4
44.f4  1-0

[Event "Capablanca Mem Premier I"]
[Site "Varadero CUB"]
[Date "2000.05.19"]
[Round "10"]
[White "Perez,Lu"]
[Black "Zapata,A"]
[Result "1/2-1/2"]
[WhiteElo "2459"]
[BlackElo "2457"]

1.e4 c5 2.Nf3 e6 3.d4 cxd4 4.Nxd4 a6 5.Bd3 Nf6 6.O-O Qc7 7.Qe2 d6 8.f4 Nbd7
9.c3 Be7 10.Bc2 g6 11.Kh1 b5 12.a4 bxa4 13.Bxa4 Bb7 14.e5 Ne4 15.exd6 Bxd6
16.Bc2 Ndf6 17.Ba4+ Kf8 18.Nd2 h5 19.Nxe4 Bxe4 20.Bc2 Bd5 21.Bb3 Bxb3 22.Nxb3 Qb7
23.Na5 Qe4 24.Qd1 Bc7 25.Ra4 Qf5 26.Nc6 h4 27.Nd4 Qd5 28.c4 Qb7 29.b3 h3
30.Qf3 hxg2+ 31.Kxg2 Qxf3+ 32.Nxf3 Ne4 33.Re1 f5 34.b4 Ke7 35.Be3 Rhd8 36.Rea1 Rd3
37.R4a3 Rxa3 38.Rxa3 Rb8 39.Nd4 Kd7 40.Rd3 Kc8 41.Nc6 Ra8 42.Ne7+ Kb7 43.c5 Rd8
44.Rxd8 Bxd8 45.Nxg6 Kc6 46.h4 Nf6 47.Bd4 Nh5 48.Bc3 Bxh4 49.Nxh4 Nxf4+ 50.Kf3 Nd5
51.Bd2 a5  1/2-1/2

[Event "Capablanca Mem Premier II"]
[Site "Varadero CUB"]
[Date "2000.05.21"]
[Round "12"]
[White "Del Rio Angelis,S"]
[Black "Borges Mateos,J"]
[Result "1-0"]
[WhiteElo "2463"]
[BlackElo "2435"]

1.e4 c5 2.Nf3 e6 3.d4 cxd4 4.Nxd4 a6 5.Bd3 Nc6 6.Nxc6 dxc6 7.O-O e5 8.Nd2 Qc7
9.a4 Nf6 10.Nc4 Be6 11.Qe2 Bc5 12.c3 b5 13.axb5 cxb5 14.Ne3 O-O 15.Qf3 Rfd8
16.Bc2 b4 17.Nf5 Ne8 18.cxb4 Bxb4 19.Bb3 Bc4 20.Bxc4 Qxc4 21.Ne3 Qb5 22.Nd5 Bc5
23.h4 Rac8 24.Qg3 Nc7 25.Bh6 Ne6 26.h5 Kf8 27.Qxe5 Bd6 28.Qf6 Kg8 29.Bxg7 Nxg7
30.h6 Ne8 31.Qg5+ Kf8 32.Qf5 Kg8 33.Rae1 Qxb2 34.e5 Bc5 35.Nf6+ Nxf6 36.Qg5+ Kf8
37.exf6  1-0

[Event "Capablanca Mem Premier I"]
[Site "Varadero CUB"]
[Date "2000.05.22"]
[Round "13"]
[White "Herrera,I"]
[Black "Zapata,A"]
[Result "1/2-1/2"]
[WhiteElo "2472"]
[BlackElo "2457"]

1.e4 c5 2.Nf3 e6 3.d4 cxd4 4.Nxd4 a6 5.Bd3 Nf6 6.O-O Qc7 7.Qe2 d6 8.c4 Be7
9.Nc3 O-O 10.f4 Re8 11.Kh1 Nbd7 12.Bd2 g6 13.Rae1 b6 14.e5 Nh5 15.Nf5 Bb7
16.Nh6+ Kg7 17.Nxf7 Kxf7 18.f5 exf5 19.e6+ Kg7 20.exd7 Qxd7 21.Bxf5 Qd8 22.Be6 Bf6
23.Nd5 Be5 24.Rf7+ Kh8 25.Qg4 Bc8 26.Bxc8 Qxc8 27.Qxc8 Raxc8 28.Nxb6 Rc6
29.Nd7 Rxc4 30.Nxe5 dxe5 31.Bc3 Kg8 32.Ra7 Rc6 33.g3 Rce6 34.Rf1 R8e7 35.Rxe7 Rxe7
36.Re1 e4 37.Kg2 Ng7 38.g4 Ne8 39.Bb4 Re6 40.Kg3 Nf6 41.Bc5 h5 42.gxh5 Nxh5+
43.Kg4 Nf6+ 44.Kg3 Nh5+  1/2-1/2

[Event "III Magistral de VRSA"]
[Site "Santo Antonio POR"]
[Date "2000.05.25"]
[Round "6"]
[White "Damaso,R"]
[Black "Romero Holmes,A"]
[Result "0-1"]
[WhiteElo "2425"]
[BlackElo "2483"]

1.d4 e6 2.Nf3 c5 3.e4 cxd4 4.Nxd4 a6 5.Bd3 Bc5 6.Nb3 Ba7 7.Nc3 Nc6 8.Qg4 Nf6
9.Qg3 d6 10.h4 Ne5 11.Be2 h5 12.Bg5 b5 13.f4 Neg4 14.Bxg4 hxg4 15.O-O-O Qb6
16.f5 b4 17.Rxd6 Qf2 18.Qxf2 Bxf2 19.Nd1 Bg3 20.Rd3 Be5 21.Ne3 Bb7 22.Nc5 Nxe4
23.Nxb7 Nxg5 24.Nd6+ Bxd6 25.Rxd6 exf5 26.Nxf5 Ne6 27.Re1 Kf8 28.g3 Rh5 29.Nd4 Nc5
30.Nc6 Rf5 31.Ne5 Rc8 32.Nxg4 a5 33.Ne5 a4 34.Rd5 Kg8 35.Kd1 f6  0-1

[Event "Guillermo Garcia Premier I"]
[Site "Santa Clara CUB"]
[Date "2000.05.30"]
[Round "6"]
[White "Abreu,A"]
[Black "Mateo,Ra"]
[Result "1-0"]
[WhiteElo "2419"]
[BlackElo "2408"]

1.e4 c5 2.Nf3 e6 3.d4 cxd4 4.Nxd4 a6 5.Bd3 Nf6 6.Nc3 d6 7.f4 b5 8.Qf3 Bb7
9.a3 Nbd7 10.Bd2 Nc5 11.b4 Ncd7 12.Nb3 Rc8 13.a4 Be7 14.axb5 axb5 15.O-O O-O
16.Kh1 Nb6 17.Na5 Ba8 18.Nxb5 d5 19.e5 Ne4 20.Be1 Bh4 21.c4 Bxe1 22.Rfxe1 f6
23.exf6 Rxf6 24.c5 e5 25.f5 Rh6 26.Bxe4 Qh4 27.h3 dxe4 28.Qb3+ Bd5 29.Qe3 Nd7
30.Rad1 Nf6 31.Rxd5 Ng4 32.Qb3 Kh8 33.Nd6 Rxd6 34.Rxd6 e3 35.Qc4 h5 36.Rf1 Nf2+
37.Kh2 e4 38.Qe2 Rf8 39.f6 gxf6 40.Rd5 f5 41.Qb2+ Kg8 42.Rd7 Rf6 43.Qa2+ Kh8
44.Rd8+  1-0

[Event "Guillermo Garcia Premier II"]
[Site "Santa Clara CUB"]
[Date "2000.05.30"]
[Round "6"]
[White "Del Rio Angelis,S"]
[Black "Perdomo,C"]
[Result "1-0"]
[WhiteElo "2463"]
[BlackElo "2411"]

1.e4 c5 2.Nf3 e6 3.d4 cxd4 4.Nxd4 a6 5.Bd3 Nf6 6.O-O Qc7 7.c4 d6 8.Nc3 Nbd7
9.Be3 g6 10.Rc1 Bg7 11.f4 O-O 12.Bb1 Re8 13.b4 b6 14.Nb3 Bb7 15.Bd3 Rac8
16.g4 Qb8 17.g5 Nh5 18.Be2 Bxc3 19.Rxc3 Ng7 20.Bf3 Red8 21.Qd3 Qa8 22.Nd2 Ne8
23.Rcc1 Rc7 24.h4 Rdc8 25.h5 b5 26.hxg6 fxg6 27.Bg4 Nf8 28.c5 Rd8 29.Qb3 Ng7
30.cxd6 Rxc1 31.Rxc1 Rxd6 32.Rc7 Ne8 33.Re7 Qc8 34.Bc5 Rc6 35.Qc3 Rc7 36.Qd4 Rxe7
37.Bxe7 Ng7 38.Nb3 Qd7 39.Bxf8 Qxd4+ 40.Nxd4 Kxf8 41.Nxe6+ Nxe6 42.Bxe6 Bxe4
43.Bc8 Ke7 44.Bxa6 Bc6 45.Bc8 Kd6 46.Kf2 Be4 47.Ke3 Bb1 48.a3 Kd5 49.Bd7 Kc4
50.Be6+ Kc3 51.Bg8 Kb2 52.Kd4 Kxa3 53.Kc5 Bd3 54.Bxh7 Kb3 55.Bg8+ Kc3 56.Bf7 Kd2
57.Kd4 Ke2 58.Bd5 Bf5 59.Be4  1-0

[Event "Master Open"]
[Site "Lausanne SUI"]
[Date "2000.06.01"]
[Round "2"]
[White "Midoux,S"]
[Black "Prusikhin,M"]
[Result "0-1"]
[WhiteElo "2241"]
[BlackElo "2429"]

1.e4 c5 2.Nf3 e6 3.d4 cxd4 4.Nxd4 a6 5.Bd3 Nf6 6.O-O d6 7.Qe2 Be7 8.Kh1 Nbd7
9.c4 Qc7 10.b3 Ne5 11.Bc2 O-O 12.Bb2 Bd7 13.Nc3 Rae8 14.Rac1 Ng6 15.Bb1 Qb8
16.a4 d5 17.cxd5 exd5 18.exd5 Ng4 19.g3 Bg5 20.Qc2 Bxc1 21.Qxc1 Qe5 22.Nf3 Qh5
23.Ne4 Qxd5 24.Qc3 f6 25.h3 Rxe4 26.Bxe4 Qxe4 27.hxg4 Bxg4  0-1

[Event "Master Open"]
[Site "Lausanne SUI"]
[Date "2000.06.01"]
[Round "2"]
[White "Fedorchuk,S"]
[Black "Kengis,E"]
[Result "1-0"]
[WhiteElo "2406"]
[BlackElo "2574"]

1.e4 c5 2.Nf3 e6 3.d4 cxd4 4.Nxd4 a6 5.Bd3 Qb6 6.Nb3 Qc7 7.O-O Nf6 8.f4 d6
9.Be3 Nbd7 10.a4 b6 11.Nc3 Bb7 12.Qe2 Be7 13.Rae1 h6 14.Bd2 e5 15.Rf3 exf4
16.Rxf4 O-O 17.Nd4 Rfe8 18.Ref1 d5 19.Nf5 dxe4 20.Nxe4 Nxe4 21.Bxe4 Bg5 22.Rg4 Qc5+
23.Kh1 Nf6 24.Bxg5 hxg5 25.Rxg5 Rxe4 26.Qd2 Kf8 27.Rxg7 Re6 28.Qh6 Ke8 29.Rg5 Qf8
30.Ng7+ Ke7 31.Re5 Kd7 32.Rxe6 fxe6 33.Rxf6 Qd6 34.Rf7+ Kc6 35.Qxe6 Qxe6
36.Nxe6 Rb8 37.h4 Kd6 38.Rf8 Rxf8 39.Nxf8 Be4 40.h5 Ke7 41.Ng6+ Kf6 42.c3 a5
43.Kh2 Bc6 44.g4 Bxa4 45.Kg3 Kg5 46.Ne5 Bd1 47.Nf3+ Kh6 48.Kf4  1-0

[Event "Guillermo Garcia Premier II"]
[Site "Santa Clara CUB"]
[Date "2000.06.02"]
[Round "8"]
[White "Dominguez,L"]
[Black "Perdomo,C"]
[Result "1/2-1/2"]
[WhiteElo "2508"]
[BlackElo "2411"]

1.e4 c5 2.Nf3 e6 3.d4 cxd4 4.Nxd4 a6 5.Bd3 Qc7 6.O-O Nf6 7.Qe2 d6 8.c4 Nbd7
9.Nc3 Ne5 10.Kh1 Bd7 11.Bd2 Be7 12.f4 Nxd3 13.Qxd3 g6 14.Rae1 O-O 15.f5 Rfc8
16.b3 e5 17.Nd5 Nxd5 18.exd5 b5 19.fxg6 fxg6 20.Ne6 Bxe6 21.dxe6 bxc4 22.Qh3 Rf8
23.Rf7 Rxf7 24.exf7+ Kh8 25.Qe6 Kg7 26.bxc4 Rf8 27.c5 dxc5 28.Qh3 Rxf7 29.Bh6+ Kg8
30.Qe6 Bf8 31.Bg5 Qd6 32.Qc4 Qd4 33.Qxa6 Qg4 34.Bf6 e4 35.h3 Qf5 36.Bc3 Qd5
37.Qe2 Re7 38.Rd1 Qe6 39.a4 Bg7 40.Rd8+ Kf7 41.Qf1+ Qf5 42.Qc4+ Qe6 43.Qf1+ Qf5
44.Qc4+  1/2-1/2

[Event "Guillermo Garcia Premier I"]
[Site "Santa Clara CUB"]
[Date "2000.06.02"]
[Round "8"]
[White "Perez,Lu"]
[Black "Mateo,Ra"]
[Result "0-1"]
[WhiteElo "2459"]
[BlackElo "2408"]

1.e4 c5 2.Nf3 e6 3.d4 cxd4 4.Nxd4 a6 5.Bd3 Nf6 6.O-O d6 7.Qe2 Be7 8.c4 b6
9.Nc3 Bb7 10.Kh1 O-O 11.f4 Re8 12.b3 g6 13.Nf3 Nc6 14.e5 Nh5 15.Ne4 d5 16.cxd5 exd5
17.Neg5 Bxg5 18.Nxg5 Nb4 19.f5 Nxd3 20.Qxd3 d4 21.e6 f6 22.fxg6 Qd5 23.gxh7+ Kg7
24.Nf3 Rad8 25.Nh4 Qe4 26.h8=Q+ Rxh8 27.Nf5+ Kg6 28.Ne7+ Kg7 29.Nf5+ Kg6
30.Qh3 Rh7 31.Bd2 Rd5 32.Rf4 Qxe6 33.Rg4+ Kf7 34.Rf1 Rxf5 35.Rc1 Rc5 36.Rxc5 bxc5
37.Qd3 Qxg4 38.Qxh7+ Ng7  0-1

[Event "Guillermo Garcia Premier I"]
[Site "Santa Clara CUB"]
[Date "2000.06.05"]
[Round "10"]
[White "Abreu,A"]
[Black "Fiorito,F"]
[Result "1-0"]
[WhiteElo "2419"]
[BlackElo "2459"]

1.e4 c5 2.Nf3 e6 3.d4 cxd4 4.Nxd4 a6 5.Bd3 d5 6.exd5 Qxd5 7.O-O Nf6 8.Nc3 Qd8
9.Be3 Bd7 10.Ne4 Nc6 11.Nxf6+ Qxf6 12.Be4 Rc8 13.c3 Qd8 14.Nxc6 Bxc6 15.Bxc6+ Rxc6
16.Qg4 h5 17.Qe2 Bd6 18.Rfd1 Qc7 19.h3 g6 20.Rd3 O-O 21.Rad1 Re8 22.Qd2 Be7
23.Rd7 Qc8 24.Qd4 e5 25.Qd5 Rc7 26.Bb6 Rc6 27.Be3 Rc7 28.Rxc7 Qxc7 29.Qd7 Qb8
30.Bb6 Bf6 31.Qd6 Qxd6 32.Rxd6 Kg7 33.Kf1 Bg5 34.Ke2 f5 35.Bc7 Bc1 36.Rb6 Kh6
37.Rxb7 Re7 38.b4 Rd7 39.c4 Bd2 40.a3 Bc3 41.Bxe5 Rxb7 42.Bxc3 g5 43.c5 Kg6
44.Kd3 Kf7 45.a4 Ke6 46.Kc4 g4 47.c6 Rh7 48.Kc5 f4 49.h4 Rf7 50.Kb6 Rf5 51.c7  1-0

[Event "Parkroyal Int"]
[Site "Surfers Paradise AUS"]
[Date "2000.06.14"]
[Round "8"]
[White "Zhao Zong Yuan"]
[Black "Caoili,A"]
[Result "1-0"]
[WhiteElo "2242"]
[BlackElo "2078"]

1.e4 c5 2.Nf3 e6 3.d4 cxd4 4.Nxd4 a6 5.Bd3 Bc5 6.Nb3 Be7 7.Qg4 g6 8.Qe2 d6
9.O-O Nd7 10.Nc3 Qc7 11.a4 b6 12.Bd2 Bb7 13.Rae1 h5 14.f4 Ngf6 15.Nd4 Qc5
16.Be3 Ng4 17.Nf5 Nxe3 18.Nxe3 Nf6 19.Kh1 h4 20.f5 gxf5 21.exf5 h3 22.fxe6 hxg2+
23.Nxg2 O-O-O 24.Bf5 Rh5 25.exf7+ Kb8 26.Qxe7 Rxh2+ 27.Kxh2 Rh8+ 28.Kg3 Nh5+
29.Kg4 Qd4+ 30.Nf4 Qg7+ 31.Ng6 Qd4+ 32.Ne4  1-0

[Event "IV Pablo Gorbea Mem Open"]
[Site "Madrid ESP"]
[Date "2000.06.16"]
[Round "7"]
[White "Reinaldo Castineira,R"]
[Black "Spraggett,K"]
[Result "1-0"]
[WhiteElo "2345"]
[BlackElo "2529"]

1.e4 c5 2.Nf3 e6 3.d4 cxd4 4.Nxd4 a6 5.Bd3 Nf6 6.O-O d6 7.c4 Be7 8.Nc3 Qc7
9.Qe2 O-O 10.f4 Nbd7 11.Nf3 g6 12.Kh1 b6 13.Bd2 Bb7 14.Rac1 Rfe8 15.Bb1 Bf8
16.Qf2 Bg7 17.Qh4 Rac8 18.b3 Rf8 19.f5 Rce8 20.Ng5 Ne5 21.Ne2 Qe7 22.Nd4 h6
23.Nh3 Nh5 24.Qe1 exf5 25.exf5 Ng4 26.Qxe7 Rxe7 27.Nf3 g5 28.Nf2 Nxf2+ 29.Rxf2 g4
30.Ng1  1-0

[Event "IM"]
[Site "Stockholm SWE"]
[Date "2000.06.16"]
[Round "7"]
[White "Von Bahr,O"]
[Black "Dzevlan,M"]
[Result "1-0"]
[WhiteElo "2240"]
[BlackElo "2414"]

1.e4 c5 2.Nf3 e6 3.d4 cxd4 4.Nxd4 a6 5.Bd3 Nf6 6.O-O Qc7 7.c4 Nc6 8.Nxc6 dxc6
9.f4 e5 10.f5 Bc5+ 11.Kh1 b5 12.Bg5 bxc4 13.Bxf6 gxf6 14.Bxc4 Bd4 15.Nc3 Rb8
16.Qe2 a5 17.Rac1 Qa7 18.b3 h5 19.Rc2 Ke7 20.Rf3 Bb7 21.Bxf7 Kxf7 22.Qc4+ Kf8
23.Qe6 Rg8 24.Qxf6+ Ke8 25.Qe6+ Kf8 26.Nb5  1-0

[Event "Balatontourist Open"]
[Site "Budapest HUN"]
[Date "2000.06.21"]
[Round "6"]
[White "Torok,S"]
[Black "Tornai,I"]
[Result "0-1"]
[WhiteElo "2074"]
[BlackElo "2227"]

1.e4 c5 2.Nf3 e6 3.d4 cxd4 4.Nxd4 a6 5.Bd3 Nf6 6.O-O Qc7 7.c4 d6 8.Nc3 Be7
9.Be3 Nbd7 10.Rc1 b6 11.b4 Bb7 12.f4 Rc8 13.g4 h5 14.gxh5 Rxh5 15.f5 d5 16.Rc2 dxc4
17.fxe6 cxd3 18.exf7+ Kxf7 19.Qxh5+ Kg8 20.Nd5 Nxh5 21.Rxc7 Rxc7 22.Nxc7 Bxb4
23.Nd5 Bc5 24.Nf5 Nhf6 25.Rd1 Bxd5 26.exd5 Nxd5 27.Bxc5 Nxc5 28.Kf2 Nc3 29.Rd2 N3e4+
30.Ke3 Nxd2 31.Kxd2 Kf7 32.Ke3 g6 33.Nd4 Kf6 34.h3 g5 35.Nf3 a5 36.Nd4 Ne6
37.Nf3 Nf4 38.Nd2  0-1

[Event "HUN-YUG Women's Match"]
[Site "Szeged HUN"]
[Date "2000.06.25"]
[Round "1"]
[White "Medvegy,N"]
[Black "Bojkovic,N"]
[Result "0-1"]
[WhiteElo "2275"]
[BlackElo "2423"]

1.e4 c5 2.Nf3 e6 3.d4 cxd4 4.Nxd4 a6 5.Bd3 Nf6 6.Qe2 d6 7.c4 Bd7 8.f4 Nc6
9.Nf3 Nb4 10.e5 dxe5 11.fxe5 Bc6 12.Bf5 Nd7 13.a3 Bxf3 14.gxf3 exf5 15.axb4 Bxb4+
16.Bd2 Qh4+ 17.Kd1 Bxd2 18.Nxd2 O-O 19.e6 Rfe8 20.exf7+ Kxf7 21.Qd3 Nf6 22.Qxf5 Rad8
23.Ra5 Qxc4 24.Re5 Rxd2+  0-1

[Event "XVIII Open"]
[Site "Andorra AND"]
[Date "2000.06.26"]
[Round "3"]
[White "Giaccio,A"]
[Black "Reinaldo Castineira,R"]
[Result "1/2-1/2"]
[WhiteElo "2508"]
[BlackElo "2345"]

1.e4 c5 2.Nf3 e6 3.d4 cxd4 4.Nxd4 a6 5.Bd3 Nf6 6.Qe2 d6 7.O-O Qc7 8.f4 Nbd7
9.Kh1 Be7 10.c4 O-O 11.Nc3 Re8 12.Nf3 g6 13.Bd2 b6 14.e5 Nh5 15.g4 Ng7 16.Ne4 f5
17.exf6 Nxf6 18.h3 Bb7 19.Bc3 Nxe4 20.Bxe4 d5 21.Be5 Bd6 22.cxd5 exd5 23.Rac1 Qe7
24.Bc2 Ne6 25.Qd2 Bxe5 26.Nxe5 d4+ 27.Kg1 Bd5 28.Rce1 Qh4 29.Kh2 g5 30.fxg5 Nxg5
31.Qd3 Rf8 32.Qg3 Qxg3+ 33.Kxg3 Rxf1 34.Rxf1 Re8 35.Rf5 h6 36.h4 Nf7 37.Nxf7 Bxf7
38.Rf6 Kg7 39.Rxb6 d3 40.Bd1 Re1 41.Bf3 Bxa2 42.Rxa6 Bc4 43.Rc6 Bb3 44.Rd6 Bc2
45.b4 Rb1 46.Rd4 Ba4 47.Kf4 d2 48.Rxd2 Rxb4+ 49.Kg3 Rc4 50.Rd6 Be8 51.h5 Rc7
52.Be4 Re7 53.Kf4 Rf7+ 54.Bf5 Rf6 55.Rd8 Bf7 56.Rd7 Kf8 57.Ra7 Rb6 58.Bd3 Rd6
59.Be4 Rb6 60.Rd7 Ra6 61.Bc2 Rc6 62.Bd3 Rb6 63.Bf5 Rb4+ 64.Kg3 Rb6 65.Ra7 Rd6
66.Be4 Rb6 67.Bf3 Rb3 68.Ra5 Kg7 69.Kf4 Rb4+ 70.Be4 Rb6 71.Kg3 Rd6 72.Kh4 Rb6
73.Ra7 Kf6 74.Kg3 Rb3+ 75.Kf4 Rb6 76.Ra5 Kg7 77.Bf3 Rf6+ 78.Kg3 Rb6 79.Kh4 Rd6
80.Re5 Rf6 81.Re3 Rb6 82.Re7 Kf6 83.Re4 Kg7 84.Rd4 Rf6 85.Be4 Rb6 86.Bf5 Rc6
87.Rb4 Rf6 88.Ra4 Rc6 89.g5 Rc4+ 90.Rxc4 hxg5+  1/2-1/2

[Event "It"]
[Site "Valjevo YUG"]
[Date "2000.06.27"]
[Round "10"]
[White "Anka,E"]
[Black "Pikula,D"]
[Result "1/2-1/2"]
[WhiteElo "2474"]
[BlackElo "2476"]

1.e4 c5 2.Nf3 e6 3.d4 cxd4 4.Nxd4 a6 5.Bd3 Qb6 6.Nb3 Qc7 7.O-O Nf6 8.c4 d6
9.Nc3 Nbd7 10.f4 Be7 11.Be3 O-O 12.Qf3 b6 13.Rae1 Bb7 14.Qh3 g6 15.Kh1 Rfe8
16.f5 exf5 17.exf5 Ne5 18.Bg5 Nfg4 19.Bxe7 Nxd3 20.Qxd3 Rxe7 21.Qg3 Qxc4
22.Nd2 Rxe1 23.Rxe1 Qd4 24.Nde4 Bxe4 25.Qxg4 d5 26.fxg6 hxg6 27.Nxe4 dxe4
28.Qxe4 Qxe4 29.Rxe4 Rd8 30.h3 a5 31.Re3 Rd5 32.a4 b5 33.axb5 Rxb5 34.b3 f5
35.Kg1 Kf7 36.Kf2 Kf6 37.Kf3 g5 38.g3 Rb4 39.Rc3 Ke6 40.Ke3 Kd5 41.Rd3+ Kc5
42.Rc3+ Kb5 43.Kd2 Rd4+ 44.Kc2  1/2-1/2

[Event "XVIII Open"]
[Site "Andorra AND"]
[Date "2000.07.02"]
[Round "9"]
[White "Al Modiahki,M"]
[Black "Mateo,Ra"]
[Result "1/2-1/2"]
[WhiteElo "2538"]
[BlackElo "2408"]

1.e4 c5 2.Nf3 e6 3.d4 cxd4 4.Nxd4 a6 5.Bd3 Nf6 6.O-O d6 7.c4 b6 8.Nc3 Bb7
9.f4 g6 10.Be3 Nbd7 11.Qe2 Bg7 12.f5 exf5 13.exf5 O-O 14.fxg6 hxg6 15.Kh1 Rc8
16.Bg5 Rc5 17.Nd5 Re8 18.Qf2 Bxd5 19.cxd5 Qa8 20.Qh4 Qxd5 21.Bxf6 Nxf6 22.Rxf6 Bxf6
23.Qxf6 Qe5 24.Qxe5 dxe5 25.Nb3 Rc7 26.Bxa6 Rd8 27.Kg1 Rc2 28.Rb1 e4 29.Kf1 f5
30.Be2 Kg7 31.Bd1 Rc4 32.Ke1 e3 33.Ke2 f4 34.Kf3 g5 35.h3 Kf6 36.Ke2 Ke5
37.Ke1 Rd6 38.Ke2  1/2-1/2

[Event "AKN Open"]
[Site "Haarlem NED"]
[Date "2000.07.02"]
[Round "5"]
[White "Solleveld,M"]
[Black "Miezis,N"]
[Result "0-1"]
[WhiteElo "2396"]
[BlackElo "2481"]

1.e4 c5 2.Nf3 e6 3.d4 cxd4 4.Nxd4 a6 5.Bd3 Nc6 6.Nxc6 dxc6 7.Nd2 e5 8.O-O Nf6
9.Nc4 Qc7 10.Bd2 b5 11.Ba5 Qb8 12.Nb6 Ra7 13.Nxc8 Qxc8 14.a4 Rd7 15.Qe2 Be7
16.c4 b4 17.c5 Bxc5 18.Rfc1 Be7 19.Bxa6 Qa8 20.Bb6 O-O 21.a5 Rb8 22.f3 Kf8
23.Bc4 Ne8 24.Bb3 Nd6 25.Ba4 Rc8 26.a6 g6 27.Kh1 Kg7 28.Be3 Rdc7 29.Bb6 Rd7
30.Rd1 Qb8 31.Qf2 Qa8 32.a7 Bd8 33.Bc5 Be7 34.Rdc1 Rcc7 35.Bb6 Rxa7 36.Bxa7 Rxa7
37.b3 Nb5 38.f4 Nd4 39.Rab1 c5 40.fxe5 Qxe4 41.Re1 Qg4 42.Rf1 Bg5 43.Ra1 Re7
44.Rae1 h5 45.Qf6+ Kh7 46.Qd6 Qc8 47.Qd5 Ne6 48.Bb5 h4 49.Bc4 Ra7 50.Qf3 Nd4
51.Qe4 Kh6 52.Qd3 Re7 53.Qe4 Ne6 54.Bxe6 fxe6 55.Qf3 Kh7 56.Qe4 Qb7 57.Qc4 Qd5
58.Qg4 Kh6 59.Rf8 Qd2 60.Ref1 Kg7 61.Qc4 Qd5 62.Qb5 Qxe5 63.Qc6 h3 64.gxh3 Qd5+
65.Qxd5 exd5 66.Rc8 Be3 67.Re1 Kf6 68.Rc6+ Kf5 69.Kg2 Ke4 70.Rxc5 Re5 71.Rc6 Rg5+
72.Kh1 d4 73.h4 Rg4 74.h3 Rxh4 75.Kg2 g5 76.Rb6 g4 77.hxg4 Rxg4+ 78.Kh3 Rg8  0-1

[Event "t-EuCh U18 Girls"]
[Site "Balatonlelle HUN"]
[Date "2000.07.10"]
[Round "2"]
[White "Hari,V"]
[Black "Szabo,V"]
[Result "1/2-1/2"]
[WhiteElo "2069"]
[BlackElo "2017"]

1.e4 c5 2.Nf3 e6 3.d4 cxd4 4.Nxd4 a6 5.Bd3 g6 6.c4 Bg7 7.Be3 d6 8.Nc3 Ne7
9.O-O O-O 10.f4 Nbc6 11.Nf3 d5 12.Bc5 Qa5 13.Bxe7 Nxe7 14.cxd5 exd5 15.e5 f6
16.Qe2 fxe5 17.Nxe5 Bf5 18.Rae1 Rad8 19.Kh1 Qc7 20.Bxf5 Rxf5 21.Nd3 d4 22.Qe6+ Kh8
23.Ne4 Nd5 24.Rc1 Qb8 25.Ng5 Re8 26.Qd7 Nb6 27.Qc7 Nd5 28.Qd7 Nb6 29.Qc7 Nd5
30.Qd7  1/2-1/2

[Event "FSIMB July"]
[Site "Budapest HUN"]
[Date "2000.07.10"]
[Round "10"]
[White "Farago,S"]
[Black "Zalkind,K"]
[Result "0-1"]
[WhiteElo "2271"]
[BlackElo "2250"]

1.e4 c5 2.Nf3 e6 3.d4 cxd4 4.Nxd4 a6 5.Bd3 Nf6 6.O-O Qc7 7.Qe2 d6 8.c4 g6
9.Nc3 Bg7 10.Be3 O-O 11.Rac1 Nbd7 12.f4 b6 13.Kh1 Bb7 14.Nb3 Rfe8 15.Bf2 Rac8
16.Bh4 Qb8 17.Rce1 Nc5 18.Nxc5 Rxc5 19.Bf2 Rcc8 20.Na4 Nd7 21.Kg1 Bc6 22.Nc3 Qa8
23.Bg3 Nc5 24.Bb1 b5 25.cxb5 axb5 26.Nxb5 Bxb5 27.Qxb5 Rb8 28.Qc4 Rxb2 29.Bf2 Reb8
30.e5 R2b4 31.Qe2 Rb2 32.Qe3 R8b4 33.Rd1 Na4 34.exd6 Nc3 35.d7 Nxd1 36.Qc5 Qd8
37.Bh4 Bd4+ 38.Qxd4 Rxd4 39.Bxd8 Rxd7 40.Bf6 Rxb1 41.a4  0-1

[Event "GM"]
[Site "Dortmund GER"]
[Date "2000.07.10"]
[Round "4"]
[White "Wegener,O"]
[Black "Mainka,G"]
[Result "0-1"]
[WhiteElo "2359"]
[BlackElo "2357"]

1.e4 c5 2.Nf3 e6 3.d4 cxd4 4.Nxd4 a6 5.Bd3 Nf6 6.O-O Qc7 7.Qe2 d6 8.c4 Nbd7
9.f4 Be7 10.Nc3 g6 11.Kh1 b6 12.Bd2 Bb7 13.Rae1 O-O 14.f5 gxf5 15.exf5 e5
16.Nf3 Nc5 17.Bb1 b5 18.cxb5 axb5 19.b4 Na4 20.Nxb5 Qd7 21.Bh6 Rfe8 22.Qd2 Kh8
23.Na3 Rec8 24.Ng5 Qe8 25.Re3 Nb6 26.Rh3 Rxa3 27.Rxa3 Nc4 28.Qd3 Nxa3 29.Qxa3 Qb5
30.Re1 Qd5 31.Ne4 Ng4 32.Be3 Bh4 33.Rf1 Nf6 34.Qb2 Nxe4 35.a4 Nc3 36.a5 Rg8
37.Rg1 Nxb1 38.b5 Na3 39.a6 Nxb5 40.axb7 Qxb7 41.Qb4 Bf6 42.h3 Qd7 43.Rb1 Nd4  0-1

[Event "FSIMB July"]
[Site "Budapest HUN"]
[Date "2000.07.12"]
[Round "12"]
[White "Carlsson,P"]
[Black "Zalkind,K"]
[Result "1-0"]
[WhiteElo "2262"]
[BlackElo "2250"]

1.e4 c5 2.Nf3 e6 3.d4 cxd4 4.Nxd4 a6 5.Bd3 Nf6 6.O-O Qc7 7.Qe2 d6 8.c4 g6
9.Nc3 Bg7 10.Rd1 O-O 11.Nf3 Nbd7 12.Bf4 Ng4 13.Rac1 b6 14.b3 Bb7 15.Bb1 Nge5
16.Qd2 f5 17.Ng5 Nc5 18.b4 Nxe4 19.Ncxe4 fxe4 20.Nxe6 Qf7 21.Nxf8 Rxf8 22.Bxe5 Bxe5
23.Qe2 Qe7 24.Rf1 Rf5 25.g3 Bd4 26.Rcd1 Qf6 27.Bxe4 Bxe4 28.Qxe4 Bxf2+ 29.Kg2 Qb2
30.Kh1 Bxg3 31.Qg2 Qxg2+ 32.Kxg2 Bf4 33.Rf3 Kg7 34.Rd5 Kf6 35.Rxf5+ Kxf5
36.Ra3 Ke4 37.Rxa6 Be3 38.Ra7 Kd3 39.Rc7 Kc3 40.b5 h5 41.Kf3 Bc5 42.Rg7 Kxc4
43.Rxg6 Kxb5 44.Rh6 Kb4 45.Rxh5 Ka3 46.Rd5 Kxa2 47.h4 b5 48.h5 b4 49.h6 b3
50.h7 b2 51.Rd2 Bd4 52.Rxd4 b1=Q 53.h8=Q Qf5+ 54.Ke3 Qg5+ 55.Ke4 Qg6+ 56.Kd5 Qf5+
57.Kc6 Qf3+ 58.Rd5  1-0

[Event "t-EuCh U18"]
[Site "Balatonlelle HUN"]
[Date "2000.07.15"]
[Round "7"]
[White "Geanta,H"]
[Black "Hera,I"]
[Result "1/2-1/2"]
[WhiteElo "2232"]
[BlackElo "2319"]

1.e4 c5 2.Nf3 e6 3.d4 cxd4 4.Nxd4 a6 5.Bd3 Nf6 6.O-O d6 7.c4 g6 8.Nc3 Bg7
9.Be3 Nbd7 10.Rc1 O-O 11.b4 Qc7 12.Be2 Re8 13.f3 b6 14.Nb3 Bb7 15.a4 Rad8
16.Qe1 Qb8 17.Qf2 Ba8 18.Bd4 Bh6 19.Rb1 e5 20.Be3 Bxe3 21.Qxe3 Qc7 22.Rfc1 Rb8
23.Nd5 Qd8 24.a5 Nxd5 25.cxd5 b5 26.Qa7 Bb7 27.Rc6 Nf6 28.Rbc1 Bxc6 29.dxc6 Qc8
30.c7 Ra8 31.Qb6 Qe6 32.Nd2 Rec8 33.Rc6 Ne8 34.Bd1 Qa2 35.Nf1 Qb1 36.Ne3 Qxb4
37.Be2 Qe1+ 38.Bf1 Rxc7 39.Nc2 Qd2 40.Rxc7 Nxc7 41.Qxc7 Kg7 42.h4 b4 43.Bc4 Qxc2
44.Qxf7+ Kh6 45.g4 Rh8 46.Be6 Qd2 47.Qf6  1/2-1/2